[Event "ROM-ch"]
[Site "Iasi"]
[Date "1999.12.24"]
[Round "12"]
[White "Vajda, Levente"]
[Black "Nanu, Ciprian Costica"]
[Result "1-0"]
[WhiteElo "2483"]
[BlackElo "2397"]
[Annotator "Blatny,P"]
[PlyCount "73"]
[EventDate "1999.12.13"]
[EventType "tourn"]
[EventRounds "15"]
[EventCountry "ROU"]
[EventCategory "9"]
[SourceTitle "CBM 075"]
[Source "ChessBase"]
[SourceDate "2000.04.05"]
[SourceVersion "1"]
[SourceVersionDate "2000.04.05"]
[SourceQuality "1"]

{[%mdl 64]} 1. e4 d6 2. d4 Nf6 3. Nc3 e5 4. Nf3 Nbd7 5. Bc4 Be7 6. O-O O-O 7.
Re1 c6 8. a4 b6 9. Bg5 h6 (9... Bb7 10. Bxf6 Bxf6 11. d5 c5 12. a5 g6 13. Qd3
a6 14. axb6 Nxb6 15. Nd2 Bg5 $132 {Malaniuk,V-Agrest,E/St Petersburg op 1994/
CBM 41/[Krasenkow]/1-0 (62)}) 10. Be3 (10. Bh4 Bb7 11. Ba2 (11. Qd2 a6 12. dxe5
Nxe5 13. Nxe5 dxe5 14. Qe2 b5 15. Bb3 Nd7 16. Bxe7 Qxe7 17. axb5 axb5 18. Rxa8
Rxa8 19. Rd1 Nc5 $15 {Thorhallsson,T-Gretarsson,H/Reykjavik blind sf 1997/EXT
98/0-1 (39)}) 11... a6 12. Bg3 Qc7 13. Nh4 Rfe8 14. Ng6 b5 $132 {1/2-1/2
Vukcevich,M-Najdorf,M/Reykjavik 1976/EXT 98 (28)}) (10. Bxf6 Bxf6 11. d5 c5 12.
a5 bxa5 13. Nd2 Nb6 14. Bb5 Bd7 15. Qe2 Bg5 16. Nb3 a4 17. Nxa4 Qe8 18. Nc3 f5
19. Ra6 fxe4 20. Bxd7 Qxd7 21. Nxe4 Be7 22. Na5 Kh8 23. Nc3 Rf4 24. Nc6 Rd4 25.
Rea1 Nxd5 26. Nxd5 Rxd5 27. Qe4 {1-0 Nedev,T-Richmond,R/EUCup G1 1999/EXT 2000}
) (10. Bd2 exd4 11. Nxd4 Ne5 $11) 10... a6 (10... Ng4 $5) 11. Nh4 {[%csl Gf5]
[%cal Gh4f5,Gf5g7,Gf5h6,Gf5e7,Gf5d6]} exd4 12. Bxd4 c5 {[%csl Re4][%cal Rc8b7,
Rb7e4]} 13. Bxf6 Nxf6 14. Ng6 {/\e5} Re8 15. e5 dxe5 (15... Nh7 16. Qd5 Be6 17.
Qxe6 fxe6 18. Bxe6#) 16. Rxe5 (16. Nxe5 Be6 17. Bxe6 fxe6 $14) 16... Bd6 17.
Rxe8+ Nxe8 18. Qf3 {[%csl Ga8,Ge8,Gf7][%cal Gf3f7,Gf3a8,Ga1e1,Ge1e8]} Ra7 (
18... Be6 19. Bxe6 fxe6 20. Rd1 $16) 19. Re1 Kh7 (19... Nf6 $5) 20. Bxf7 {
[%csl Ge8,Gh7][%cal Gf3e4,Ge4h7,Ge4e8]} Nf6 21. Be6 Bxe6 22. Rxe6 Bxh2+ 23.
Kxh2 Kxg6 24. Nd5 $1 Rd7 (24... b5 25. axb5 axb5 26. Rc6 $16) (24... Qxd5 $4
25. Qxd5 $18) 25. c4 {[%csl Gc4,Gd5,Gf6][%cal Ge6g6,Gf3f6,Gd5f6]} (25. Nxf6
gxf6 26. Rxb6 Qxb6 27. Qg4+ Kh7 28. Qxd7+ Kg6 29. Qg4+ $16) 25... Kf7 26. Rxb6
$1 Rxd5 27. Rxf6+ gxf6 (27... Qxf6 28. Qxd5+ {/\Qc5}) 28. Qxd5+ Qxd5 29. cxd5
Ke7 30. Kg3 Kd6 (30... f5 31. Kf4 Kf6 32. b3 $18) 31. Kf4 Kxd5 32. Kf5 Kc4 33.
Kxf6 Kb3 34. Ke5 Kxa4 35. f4 Kb3 36. f5 a5 37. f6 1-0

[Event "CZE-ch"]
[Site "Zlin"]
[Date "1997.06.12"]
[Round "1"]
[White "Kalod, Radek"]
[Black "Jansa, Vlastimil"]
[Result "0-1"]
[WhiteElo "2455"]
[BlackElo "2490"]
[Annotator "Blatny,P"]
[PlyCount "86"]
[EventDate "1997.06.12"]
[EventType "tourn"]
[EventRounds "11"]
[EventCountry "CZE"]
[EventCategory "10"]
[SourceTitle "CBM 061"]
[Source "ChessBase"]
[SourceDate "1997.11.23"]
[SourceVersion "1"]
[SourceVersionDate "1997.11.23"]
[SourceQuality "1"]

1. e4 {Hecht} d6 2. d4 Nf6 3. Nc3 Nbd7 4. Nf3 e5 5. Bc4 Be7 6. O-O O-O 7. Re1
c6 8. a4 b6 9. d5 {[%csl Gc4,Rc5,Rd4,Yd5,Rd6,Ge4,Re5,Rf4,Gf5][%cal Gc4d5,Gc3d5,
Gd1d5,Ge4d5,Rf6d5,Rc6d5,Rc8b7,Rb7d5]} cxd5 (9... c5 10. a5 a6 11. axb6 Nxb6 12.
Bf1 Ne8 13. Nd2 Nc7 14. Nb3 Bg5 15. Na5 Bxc1 16. Qxc1 Bd7 17. Qe3 Nb5 18. Nxb5
axb5 19. Nc6 Bxc6 20. dxc6 b4 21. c3 $16 {Jansa,V-Lawson,D/Gausdal AC (04) ,TD
92\08 1992 (32)}) (9... Bb7 10. dxc6 $1 Bxc6 11. Bg5 h6 12. Bxf6 Nxf6 13. Qd3
g6 14. Nd2 Kg7 15. Bd5 Nxd5 16. Nxd5 $14 {Kindermann,S-Plachetka,J/Trnava 43/
(386) 1987}) 10. Bxd5 (10. Nxd5 Bb7 (10... Nxd5 11. Bxd5 Rb8 12. c3 (12. Qd3
Qc7 (12... Nf6 13. Bb3 h6 14. Bd2 Bb7 15. Rad1 Qc7 16. Nh4 d5 17. Nf5 Rfd8 18.
Qg3 g6 19. Bxh6 Bb4 20. c3 Nh5 21. Qg5 Bc5 22. exd5 Kh7 23. Ng3 {1-0 Jansa,
V-Hesse,P/BL2-O 1992}) 13. Be3 Nf6 14. Bb3 h6 15. Bd2 Nd7 16. Bb4 Nc5 17. Bxc5
dxc5 18. Bd5 $14 {1/2-1/2 Kindermann,S-Schmidt Schaeffer,S/Munich op9293 1993 
(41)}) (12. Nd2 Nf6 13. Nc4 Nxd5 14. Qxd5 Be6 15. Qd3 Rc8 16. Ne3 Bg5 17. c3
Bxe3 18. Bxe3 Qc7 19. f3 Rfd8 20. Qe2 d5 $132 {0-1 Koscielski,J-Blauert,J/
Dortmund op 1995 (35)}) 12... Nf6 13. Bb3 Bb7 14. Qd3 h6 15. h3 Rc8 16. Nh2 Rc5
17. Ng4 Nxg4 18. hxg4 Bg5 19. Be3 Bxe3 20. Rxe3 Qg5 $15 {1-0 Kaiumov,
D-Panchenko,A/Cheliabinsk 1993 (40)}) 11. Bg5 (11. b3 Rc8 12. Ba3 (12. Ra2 Nxd5
13. Bxd5 Bxd5 14. exd5 f5 15. c4 a5 $15 {Iordachescu,V-Rowson,J/WchJM-U20
Halle (09) ,EXP 48 1995 (44)}) 12... Nxd5 13. Bxd5 Bxd5 14. Qxd5 Rxc2 15. Bxd6
Bxd6 16. Qxd6 Nc5 $13 {Yandemirov,V-Abramovic,B/EUCup f Ljubljana 1995/1/2-1/2
(47)}) 11... Nxd5 (11... Rc8 12. Bxf6 Nxf6 13. Nxf6+ Bxf6 14. Qd3 $14 {1/2-1/2
Koch,J-Chabanon,J/FRA-ch 1994 (21)}) 12. Bxd5 Bxd5 13. Bxe7 Qxe7 14. Qxd5 Rac8
{1/2-1/2 Rodriguez,A-Jansa,V/Andorra 1996}) 10... Nxd5 (10... Rb8 11. b3 a6 12.
Ba3 b5 13. axb5 axb5 14. Bb4 Qc7 15. Ra5 Nc5 16. Nxb5 Qb6 17. c4 Nxd5 18. exd5
$13 {Bode,W-Schmidt Schaeffer,S/Baden-Niedersachsen 1993/1/2-1/2 (45)}) 11.
Nxd5 Nf6 (11... Bb7 12. a5 $36) 12. Nxf6+ (12. b3 $5) 12... Bxf6 13. c4 {/\><d5
} (13. Ra3 Ba6) 13... Bb7 14. b3 (14. Qd3 {/\Nd2}) 14... Be7 $1 {/\f5} 15. Ba3
f5 16. Nd2 Qd7 (16... Bh4 17. Ra2 Qf6 18. Nf3 Bxf2+ 19. Rxf2 fxe4 20. Qxd6 exf3
21. Qxe5 Qxe5 22. Rxe5 Rfe8 {1/2-1/2 Gyimesi,Z-Ruck,R/HUN-ch 1996/CBM 57}) 17.
Ra2 Rad8 $15 {/\d5<->d} 18. f3 fxe4 19. Nxe4 (19. fxe4 Bh4 20. Re2 Qg4 $132)
19... d5 $1 20. Bxe7 Qxe7 21. cxd5 Rxd5 22. Rd2 Rfd8 23. Rxd5 Bxd5 24. Qd3 Bf7
25. Qc3 h6 26. Ng3 Qe6 27. b4 Rd4 28. Qxd4 exd4 29. Rxe6 Bxe6 30. a5 (30. Kf2
a5 {/\קa4}) 30... Kf7 31. axb6 axb6 32. Ne2 Kf6 $1 (32... d3 33. Nc3 {
/\Kf2-e3-d3}) 33. Nxd4 (33. f4 $5 d3 34. Nc3 Kf5 35. g3 d2 $1 36. Kf2 Kg4 $1)
33... Ke5 34. Nxe6 Kxe6 {Hecht: Black's active king makes it possible to set
up a distant passed pawn; that is to say, it prevents a White pawn
breakthrough due to the deployment of the king on the kingside. The threat of
a breakthrough on the kingside is also prevented because Black's king attacks
the majority from the rear. [#] Hecht Der aktive schwarze König ermöglicht die
Bildung eines entfernten Freibauern bzw. verhindert einen weißen
Bauerndurchbruch durch Einsatz des Königs am Königsflügel. Auch die
Durchbruchsdrohung am Königsflügel wird verhindert, weil der schwarze König
der Mehrheit in den Rücken fällt.} 35. f4 Kd5 36. Kf2 $2 (36. f5 $1 Kc4 (36...
Ke4 37. Kf2 $1 (37. g4 $2 Kf4 38. h3 Kg3 $19) 37... Kxf5 38. Kf3) 37. g4 Kxb4
38. h4 Kc5 39. g5 hxg5 (39... h5 40. f6 $1 $18) 40. f6 (40. hxg5 Kd6 41. Kf2
Ke5 42. f6 gxf6 43. gxf6 Kxf6 44. Ke2 {White holds the draw despite the
distant opposition, because his king can achieve the near opposition, drawing,
every time: Weiß hält trotz schwarzer Fernopposition remis, weil sein König
jederzeit die remisbringende Nahopposition erreichen kann.} Ke5 45. Ke3 $1 $11)
40... gxf6 41. h5 $1 $18) (36. g4 {Hecht} Ke4 37. Kf2 Kxf4 38. h3 b5 39. Kg2 g5
40. Kf2 Ke4 41. Ke2 Kd4 42. Kf3 Kc4 43. Ke4 Kxb4 44. Kf5 Kc4 45. Kg6 b4 $19)
36... Kc4 37. f5 (37. Ke3 Kxb4 38. Kd4 b5 39. g4 Ka3 40. f5 b4 $19 (40... b4 {
Hecht} 41. h4 b3 42. g5 b2 $19)) 37... Kxb4 38. g4 Kc5 39. h4 Kd6 40. g5 h5 $1
(40... hxg5 $2 {Hecht the unthinking quick exchange! der unbedachte schnelle
Tausch!} 41. hxg5 Ke5 42. f6 gxf6 43. gxf6 Kxf6 44. Ke2 $1 {White holds the
draw despite the distant opposition, because his king can achieve the near
opposition, drawing, every time: Weiß hält trotz schwarzer Fernopposition
remis, weil sein König jederzeit die remisbringende Nahopposition erreichen
kann.} Ke6 45. Kd2 Kd6 46. Kc2 Kc6 47. Kb2 Kd5 48. Kb3 Kc5 49. Kc3 $11) 41. Ke3
Ke5 42. f6 gxf6 43. g6 (43. gxf6 {Hecht} Kxf6 44. Kf4 b5 45. Ke4 b4 46. Kd4 Kf5
$19) 43... Ke6 0-1

[Event "Cutro 05th"]
[Site "Cutro"]
[Date "1999.04.23"]
[Round "1"]
[White "Djuric, Stefan"]
[Black "Pegorari, Pietro"]
[Result "1-0"]
[WhiteElo "2517"]
[BlackElo "2385"]
[Annotator "Blatny,P"]
[PlyCount "35"]
[EventDate "1999.04.??"]
[EventType "tourn"]
[EventRounds "11"]
[EventCountry "ITA"]
[EventCategory "10"]
[SourceTitle "CBM 071"]
[Source "ChessBase"]
[SourceDate "1999.08.01"]
[SourceVersion "1"]
[SourceVersionDate "1999.08.01"]
[SourceQuality "1"]

1. e4 e5 2. Nf3 d6 3. d4 exd4 4. Nxd4 Be7 (4... Nd7 5. Nc3 Ngf6 6. Be2 Nc5 7.
O-O Be7 8. Bf3 O-O 9. Bf4 $11 {1/2-1/2 Gurevich,V-Rausis,I/Cappelle 1993/TD 
(17)}) (4... c6 5. Be2 g6 6. O-O Bg7 7. c3 Nf6 8. Bd3 O-O 9. f4 c5 $132 {
1-0 Nakapunda,O-Roberts,J/Moscow 1994/CBM 44 ext (29)}) 5. Bd3 (5. c4 Nc6 6.
Be3 Nf6 7. f3 O-O 8. Nc3 Nxd4 9. Bxd4 Be6 10. Be2 Nh5 11. g3 g6 $13 {0-1
Glagolev,B-Enderjukova,A/Moscow 1995/EXT 97 (36)}) (5. Be3 Nf6 6. Nc3 Bd7 7.
Be2 Nc6 8. O-O O-O 9. f4 Re8 10. Bf3 Nxd4 11. Bxd4 Bc6 12. Qd3 $14 {1/2-1/2
Sieber,S-Spillecke,T/Fredeburg 1995/Juniors (66)}) 5... Nf6 6. O-O O-O 7. Re1 (
7. Nc3 Nc6 8. Nxc6 bxc6 9. Bf4 Be6 10. e5 Nd5 11. Nxd5 Bxd5 12. exd6 cxd6 13.
c4 Be6 14. Qc2 $14 {1-0 Izbinsky,S-Helbach,G/St.Petersburg 1909/HCL (37)}) 7...
Re8 8. c4 (8. e5 dxe5 9. Rxe5 c5 (9... Qxd4 10. Bxh7+ Kh8 11. Qxd4 $18) 10. Nf3
Nc6 11. Re1 Nb4 {[%csl Rd3][%cal Gb4d3,Gd8d3]}) 8... Na6 (8... Ng4 $5) 9. Nc3
Nc5 10. Bc2 c6 11. h3 Bf8 12. Bg5 Ne6 (12... h6 13. Bh4 $14) 13. Bh4 Nxd4 (
13... Nf4 14. Qf3 $36) 14. Qxd4 Be6 (14... Re6 15. e5 $18) 15. Qd3 Be7 (15...
g6 16. e5 Bf5 (16... dxe5 17. Ne4 Be7 18. Qxd8 Raxd8 19. Nxf6+ Bxf6 20. Bxf6
$18) 17. Ne4 Bxe4 18. Rxe4 Nxe4 19. Bxd8 Nc5 20. Qg3 Raxd8 $16) 16. Nd5 h6 (
16... Kf8 17. Nxf6 Bxf6 18. Bxf6 Qxf6 19. Qxd6+ $16) (16... cxd5 17. exd5 Bf5
18. Qxf5 g6 19. Qf4 $18) (16... Bxd5 17. exd5 g6 18. dxc6 bxc6 19. Qf3 $36 {
[%csl Rc6,Rd8,Re7,Rf6][%cal Gf3f6,Gh4f6,Ge1e7,Gf3c6]}) 17. e5 $1 $18 (17. Nxe7+
Qxe7 (17... Rxe7 18. Bxf6 gxf6 19. e5 $40) 18. c5 $40) 17... dxe5 (17... cxd5
18. exf6 $40 Bxf6 19. Qh7+ Kf8 20. cxd5 g5 (20... Bxh4 21. Qh8+ (21. dxe6 fxe6
22. Bg6 Qf6 $16) 21... Ke7 22. Rxe6+ Kd7 (22... fxe6 23. Qxg7#) 23. Ba4+ Kc7
24. Rxe8 $18) 21. dxe6 fxe6 22. Bg6 Qe7 23. Qxh6+ $18) 18. Bxf6 (18. Bxf6 g6
19. Nxe7+ Kh7 (19... Rxe7 20. Qxd8+ Rxd8 21. Bxe7 $18) 20. Qxg6+ fxg6 21. Bxg6#
) 1-0

[Event "Capablanca Memorial Elite 34th"]
[Site "Havana"]
[Date "1999.05.13"]
[Round "6"]
[White "Bruzon Batista, Lazaro"]
[Black "Hoffman, Alejandro"]
[Result "0-1"]
[WhiteElo "2488"]
[BlackElo "2547"]
[Annotator "Blatny,P"]
[PlyCount "126"]
[EventDate "1999.05.??"]
[EventType "tourn"]
[EventRounds "13"]
[EventCountry "CUB"]
[EventCategory "12"]
[SourceTitle "CBM 071"]
[Source "ChessBase"]
[SourceDate "1999.08.01"]
[SourceVersion "1"]
[SourceVersionDate "1999.08.01"]
[SourceQuality "1"]

{[%mdl 16]} 1. e4 d6 2. d4 Nf6 3. Nc3 e5 4. Nf3 Nbd7 5. Bc4 Be7 6. O-O O-O 7.
Re1 c6 8. a4 b6 9. Bg5 (9. Rb1 a6 10. d5 c5 11. h3 Ne8 $132 {Varlamov,
V-Kuzovkin,A/Erevan op 1983/MCD-op/1/2-1/2 (58)}) 9... a6 (9... Bb7 10. Bxf6 (
10. Bh4 Qc7 11. Bg3 a6 12. Ba2 b5 $13 {1-0 Fedorov,V-Durao,J/Kusadasi 1990/CBM
18 ext (33)}) 10... Bxf6 11. d5 c5 12. a5 $1 g6 13. Qd3 a6 14. axb6 Nxb6 15.
Nd2 $16 {1-0 Malaniuk,V-Agrest,E/St.Petersburg 1994/CBM41}) (9... h6 10. Bh4
Bb7 11. Qd2 a6 12. dxe5 Nxe5 13. Nxe5 dxe5 14. Qe2 b5 $132 {0-1 Thorhallsson,
T-Gretarsson,H/Reykjavik 1997/EXT 98 (39)}) 10. d5 (10. Qe2 Qc7 11. d5 c5 12.
Ra3 (12. Nh4 Re8 13. Nf5 Bf8 14. Qf3 $36 {1-0 Arakhamia,K-Multhopp,H/
Philadelphia 1995/EXT 97 (36)}) 12... Re8 13. Nh4 Nf8 14. Nf5 h6 15. Bc1 Ng6
16. Qf3 Nh7 17. g3 Bg5 $11 {1/2-1/2 Ostermeyer,P-Miltner,A/Wuerzburg 1991/EXT
97 (20)}) (10. dxe5 Nxe5 11. Nxe5 dxe5 12. Qf3 Nd7 13. Be3 Bb4 14. Red1 Qh4 15.
h3 Bxc3 16. bxc3 Nf6 17. Bxb6 Nxe4 18. Bd8 Qf4 19. Qxf4 exf4 20. Ba5 {1-0
Rozentalis,E-Kosten,A/Belfort 1997/CBM 62 (59)}) (10. Qd3 Bb7 11. Rad1 Qc7 12.
Nh4 g6 13. Ne2 exd4 14. Nxd4 Ne5 $132 {1/2-1/2 Bronstein,D-Summerscale,A/
Hastings 1995/CBM 48 ext (36)}) (10. Bxf6 Bxf6 11. d5 c5 12. Nb1 $5 g6 13. Nbd2
Bg7 14. c3 f5 15. b4 $14 {Kharlov,A-Panchenko,AN/Rostov op/1993/}) 10... c5 11.
Bf1 (11. Be2 Bb7 $11) (11. Nd2 Ne8 12. Bxe7 Qxe7 $11 {1/2-1/2 Fogarasi,T-Ruck,
R/Budapest 1996/CBM 57 (30)}) 11... Ne8 12. Bc1 (12. Be3 g6 13. g3 Ng7 14. Nd2
f5 15. exf5 gxf5 16. f4 Bf6 17. Nc4 Qc7 18. fxe5 $14 {1-0 Acs,P-Lorscheid,G/
Budapest 1998/EXT 99 (39)}) 12... g6 13. Nd2 f5 {()} 14. exf5 gxf5 (14... Rxf5
15. Bd3 Rf8 16. Nde4 $14) 15. f4 e4 {Black blocks pawns with the space
advantage.} 16. Nc4 {White knight is going to block e4 pawn.} Ndf6 (16... Qc7
17. a5 $5) 17. Rb1 Qc7 18. b3 Rb8 19. Ne3 Rf7 20. Bb2 Rg7 (20... Bf8 {<->7})
21. Kh1 (21. Bxa6 $5 Bxa6 22. Nxf5 Rg6 23. Nxe4 {<->e->}) 21... Rg6 (21... Ng4
22. Nxg4 Rxg4 23. Be2 $11) 22. Qd2 Bd8 23. Ne2 (23. g3 Qg7 $36) 23... Qg7 $13 (
23... Ng4 24. Nxg4 Rxg4 25. Nc3 $11) 24. b4 Qh6 25. bxc5 dxc5 (25... bxc5 26.
Bxf6 Rxb1 27. Bxd8 $18) 26. Be5 {[+]} Rb7 27. Nc3 Rbg7 28. Qf2 (28. Bxa6 $5
Bxa6 29. Nxf5 Qh5 30. Nxg7 Nxg7 31. Nxe4 Nxe4 32. Rxe4 Nf5 $13) 28... Nh5 (
28... Rf7 29. Bc4 Nh5 30. Ne2 $13) 29. Bxg7 Rxg7 (29... Nexg7 30. Ne2 $13) 30.
Ne2 Nd6 31. c4 (31. g3 $142) 31... a5 32. Kg1 Bd7 33. Ra1 Nf6 34. g3 Qg6 (34...
Ng4 35. Nxg4 Rxg4 36. Rec1 $13) 35. Kh1 (35. Nc3 h5 36. Be2 h4 $40) 35... h5
36. Nc3 Ng4 (36... h4 $5) 37. Nxg4 hxg4 38. Rab1 Rh7 39. Re2 $2 (39. Qc2 $142
$14) 39... Nxc4 40. Ra2 (40. Rc1 Nd6 $15) 40... Nd6 {The black knight blocks
d5 pawn} (40... e3 41. Qe2 Nd2 42. Rxd2 exd2 43. Qxd2 $11) 41. Nb5 Bxb5 (41...
Nxb5 42. axb5 Qd6 43. Bc4 Bf6 $44) 42. Bxb5 (42. axb5 Qf7 43. Rd1 Bf6 $44)
42... Bf6 $44 (42... Nxb5 $5 43. axb5 Bf6 $15) 43. Qe2 Qg7 44. Bc6 Qa7 45. Ra3
(45. Qc2 Bd4 $15) 45... Bd4 {[+]} 46. h4 c4 (46... gxh3 $5 47. g4 $1) 47. Rd1
Qg7 48. Bd7 Qf6 (48... Qxd7 $5 49. Rxd4 b5 $13) 49. Be6+ Kf8 50. Kg2 (50. Ra2
e3 51. Kg2 Bc5 $36) 50... Rc7 (50... Bc5 51. Qa2 Kg7 52. Qa1 Bxa3 53. Qxa3) 51.
Ra2 Kg7 $2 (51... c3 $142) 52. Rc2 $2 (52. Rxd4 $1 Qxd4 53. Bxf5 c3 (53... Nxf5
$2 54. Qxg4+ Kh8 55. Qxf5 $18) 54. Qxg4+ Kf8 55. Qg6 (55. Be6 c2 56. Qg8+ Ke7
$19) 55... Qxd5 56. Be6 Qd3 57. Qg8+ Ke7 58. Bd5 Rd7 59. Qg5+ Kf8 60. Qg8+ $11)
52... Kh6 (52... c3 53. Rxd4 Qxd4 54. Bxf5 $1 $132) 53. Qd2 Bc5 54. Kh2 (54.
Qc3 Qxc3 55. Rxc3 b5 56. axb5 Rb7 57. Rb1 Bb4 $17) 54... Bb4 {b4 is an ideal
square for the black bishop.} (54... c3 55. Qc1 (55. Qxc3 $4 Bg1+ 56. Rxg1 Rxc3
$19) 55... b5 56. axb5 Nxb5 $36) 55. Qe2 (55. Qe3 Bc5 56. Qc3 Qxc3 57. Rxc3 $15
) 55... Rc5 (55... b5 56. axb5 Nxb5 $36) 56. Kg2 (56. Qe3 c3 $15) 56... Qh8 (
56... c3 57. Qa6 {/\קb6}) 57. Kh2 (57. Rdc1 $5) 57... Qg7 58. Rdc1 {[%csl Gc4]
[%cal Rc5c4,Rd6c4,Ge2c4,Gc2c4,Gc1c4] White increases the pressure on pawn c4.}
Rc7 59. Qf2 Bc5 60. Qe2 Qd4 (60... Bb4 $5) 61. Bxf5 Nxf5 62. Rxc4 $2 $19 (62.
Qxg4 Qxd5 63. Qg5+ (63. Rxc4 $2 Rg7 64. Qd1 Qxd1 65. Rxd1 Ne3 66. Rxc5 bxc5 $19
) 63... Kh7 64. Rxc4 $17) 62... Qd3 63. Qxd3 (63. Qxg4 $4 Rg7 (63... Qxd5 $6
64. Qg5+ Kh7 65. Qh5+ Kg8 66. Qe8+ $11) 64. Qh3 Ne3 65. Rxc5 bxc5 $19) 63...
exd3 0-1

[Event "RUS-ch KO"]
[Site "Moscow"]
[Date "1999.12.16"]
[Round "1.2"]
[White "Sveshnikov, Evgeny"]
[Black "Kholmov, Ratmir D"]
[Result "1/2-1/2"]
[WhiteElo "2541"]
[BlackElo "2464"]
[Annotator "Blatny,P"]
[PlyCount "66"]
[EventDate "1999.12.04"]
[EventType "k.o."]
[EventRounds "6"]
[EventCountry "RUS"]
[SourceTitle "CBM 075"]
[Source "ChessBase"]
[SourceDate "2000.04.05"]
[SourceVersion "1"]
[SourceVersionDate "2000.04.05"]
[SourceQuality "1"]

1. e4 e5 2. Nf3 d6 3. d4 Nf6 4. dxe5 Nxe4 5. Qd5 Nc5 6. Bg5 Qd7 7. Nc3 c6 8.
Qd2 d5 (8... dxe5 9. Qe3 Be7 10. Nxe5 Bxg5 11. Qxg5 Ne6 12. Qe3 Qd8 13. Bc4 Qg5
14. f4 Qh5 15. O-O O-O 16. Rad1 Qh6 17. Nxf7 Rxf7 18. Rd8+ {1-0 Brandner,
S-Humer,W/AUT-ch 1996/EXT 98}) 9. h4 (9. Nd4 Ne6 (9... Qc7 10. O-O-O Ne6 11.
Nxe6 Bxe6 12. f4 Nd7 13. Kb1 h6 14. Bh4 g5 15. fxg5 Be7 16. Bd3 O-O-O 17. Bg3
hxg5 18. Rhf1 Nc5 $132 {Schneider,L-Johansson,J/SWE-chT 9293 1993/EXT 2000/1-0
(46)}) 10. Nxe6 Qxe6 11. O-O-O Nd7 12. f4 Bb4 13. a3 Ba5 14. h3 O-O 15. Be2 f6
16. Bg4 $14 {Nissen,J-Schwalb,M/Verbandsliga Nord Baden 1992/GER/1-0 (44)}) (9.
O-O-O Ne6 10. Bd3 h6 11. Bh4 Na6 12. Bf5 Qc7 13. Kb1 Bd7 14. Rhe1 Qa5 15. a3 b5
16. Nd4 $13 g5 17. Nb3 Qb6 18. Bg3 b4 {Boudre,J-Rebers,E/Cannes Martinez op
1992/EXT 97/1-0 (37)}) 9... Nba6 {[%csl Re6][%cal Ra6c7,Rc7e6,Re6d4,Re6g5,
Re6f4]} 10. O-O-O Nc7 11. h5 h6 12. Bh4 N7e6 13. Nd4 Nxd4 14. Qxd4 Ne6 {
[%csl Re6][%cal Re6d4,Re6f4]} 15. Qg4 {[%csl Ge6][%cal Gf2f4,Gf4f5,Gf5e6]} Be7
$6 (15... Qc7 16. f4 $36) 16. Rxd5 $1 Qc7 (16... cxd5 $2 17. Bb5 d4 18. Bxd7+
Bxd7 19. Ne4 $18) 17. Bxe7 (17. Rd1 Bxh4 18. Qxh4 Qxe5 $13) 17... Qxe7 (17...
cxd5 $5 18. Bd6 $36) (17... Kxe7 18. Qh4+ Ke8 19. Rd6 $40) 18. Rd2 O-O 19. f4
Nc5 (19... Qb4 20. Rh4 $16) 20. Qh4 Qxh4 21. Rxh4 Be6 22. Be2 a5 23. Bf3 Rfd8
24. Rh1 Rxd2 25. Kxd2 f6 26. exf6 gxf6 27. a3 Kf7 28. Ne4 (28. Rd1 Rd8+ 29. Ke3
Rxd1 30. Nxd1 Ke7 $16) 28... Nxe4+ 29. Bxe4 Rd8+ 30. Kc3 f5 31. Bf3 b6 32. Rd1
(32. Bxc6 $2 {} Rc8 $19) 32... Rxd1 33. Bxd1 Ke7 $14 1/2-1/2